000 01072nam a22003850a 4500
001 PT17069
003 AR-LpoUNG
005 20210131232731.0
008 191001s1998||||ag |||||||||||||||||spa d
020 _a987503102X
_c$18.3
040 _aAR-LpoUNG
_bspa
_cAR-LpoUNG
_eaacr
041 _aspa
044 _aag
082 0 _a982.064 813as
100 1 _aRosenberg, Tina
245 1 0 _aAstiz :
_bla estirpe de Caín
260 _as.l. :
_bLa Página,
_c1998.
300 _a78 p. :
_btbls., il., gráfs.
520 _aLa autora habla de la vida de unos de los más criticados personajes de la Argentina, como es Astiz.
650 4 _aARGENTINA
650 4 _aASPECTOS POLITICOS
650 4 _aCAMPOS DE CONCENTRACION
650 4 _aCONFLICTOS
650 4 _aDELITOS
650 4 _aDERECHOS HUMANOS
650 4 _aHISTORIA POLITICA
650 4 _aHISTORIA SOCIAL
650 4 _aPRISIONEROS
650 4 _aTERRORISMO
650 4 _aTOTOALITARISMO
650 4 _aVIOLENCIA
651 4 _aDOCUMENTOS TEORICOS O METODOLOGICOS
905 _a17069
942 _cLIB
999 _c17224
_d17224